| 000 | 02108ncm0a22004091 4500 | ||
|---|---|---|---|
| 001 | RU\NLR\ONIZ\219371 | ||
| 005 | 20250626085053.0 | ||
| 013 | _a979-0-706431-34-5 | ||
| 035 | _aRU\NLR\ONIZ\Таня\5000005374\20170821155244 | ||
| 035 | _a(NLR Aleph) 011534951 | ||
| 090 |
_a12164256 _c12164256 |
||
| 100 | _a20170821d2016 |||y0rusy50 ca | ||
| 101 | 0 | _arus | |
| 102 | _aRU | ||
| 125 | _azx | ||
| 128 | _acdo | ||
| 145 | 0 | _ac | |
| 200 | 1 |
_aУтренняя песенка _bНоты _aМузыкальный магазин _aСказка о соловье _eмузыкал. сказки для детей _e[для пения с фп.] _fЮ. Тихонова _gлибр. Ю. Фадеевой |
|
| 208 | _a[Клавир] | ||
| 210 |
_aМосква _cКомпозитор _d2016 |
||
| 215 |
_a52 с. _d29 см |
||
| 300 | _aКрат. биогр. справка: с. 2 | ||
| 313 | _aСистематизация документа проведена по изданию - Методика классифицирования музыкальных произведений (нотных изданий) по таблицам Библиотечно-библиографических классификаций : метод. рекомендации / Гос. б-ка СССР им. В.И. Ленина.- М., 1977. Индексу ББК методических рекомендаций присваивается код ББК для научных библиотек - LBC/SL | ||
| 606 | 1 |
_aДетские оперы _yРоссия _z20-21 вв. _jНоты _2nlr_sh |
|
| 686 |
_aЩ987.1(2Р) _vLBC/SL _2rubbk |
||
| 700 | 1 |
_9z01790 _aТихонова _bЮ. В. _f1977- _gЮлия Валериевна _4230 |
|
| 702 | 1 |
_9z02790 _aФадеева _bЮ. _4480 |
|
| 790 | 1 |
_9z01700 _aTixonova _bYu. V. _f1977- _gYuliya Valerievna _4230 |
|
| 790 | 1 |
_9z02702 _aFadeeva _bYu. _4480 |
|
| 801 | 0 |
_aRU _bNLR _c20170821 _gPSBO |
|
| 801 | 1 |
_aRU _bNLR _c20170821 _2rusmarc |
|
| 801 | 2 |
_aRU _bNLR _c20170821 |
|
| 852 |
_aNLR _bМ _jК-3/28706 _pМОЭ 201612н/194н _t1 |
||
| 942 | _cSCORE | ||
| 980 | _aNB | ||
| 980 | _aONIZ | ||